Online Catalogue and eLibrary

Witchcraft in Britain (Record no. 2985)

MARC details
000 -LEADER
fixed length control field 00674nam a2200157Ia 4500
005 - DATE AND TIME OF LATEST TRANSACTION
control field 20240812010144.0
008 - FIXED-LENGTH DATA ELEMENTS--GENERAL INFORMATION
fixed length control field 240331s9999 xx 000 0 und d
020 ## - INTERNATIONAL STANDARD BOOK NUMBER
ISBN 0586083332
082 ## - DDC Classification
Item Number - Author Mark HOL
Class No. 398.2
100 ## - MAIN ENTRY--PERSONAL NAME
Personal name Hole, C
245 #0 - TITLE STATEMENT
Title Witchcraft in Britain
260 ## - PUBLICATION, DISTRIBUTION, ETC.
Place of publication, distribution, etc. England
Name of publisher, distributor, etc. Granda Publising Limited
Date of publication, distribution, etc. 1979
300 ## - PHYSICAL DESCRIPTION
Extent (e.g. Volumes, Pages etc.) 203 p .,
500 ## - GENERAL NOTE
General note Here is a history of British witchcraft written by one of the country's leading folklorists and illustrated by one of the greatest fantasists, mervyn peake. traces of the old beliefs still survive in our everyday superstitions, but for hundreds of years witchcraft was a daily reality for evil or for good.
942 ## - Koha item type (Biblio)
Koha item type Books in Stacks (Lending)
Holdings
Lost status Damaged status Collection code Home library Current library Shelving location Date acquired Full call number Accession Number Item type
    Lending WERC Library WERC Library Social Science Cupboard 03/31/2024 398.2 HOL 155 Books in Stacks (Lending)

© WERC Library